| 000 | 01000cam a2200349 4500 | ||
|---|---|---|---|
| 001 | J85420 | ||
| 008 | 090401t1997 xxu||||| |||| 00| 0 eng d | ||
| 020 | _a0948634871 | ||
| 035 | _a(Sirsi) u79836 | ||
| 041 | _aeng | ||
| 050 | _a333.332 | ||
| 100 | _aBritton, William | ||
| 245 | 4 | _aThe valuation of public sector specialised properties: a CPD study pack. | |
| 260 |
_aPontypridd _bUGCS _c1997 |
||
| 300 |
_aviii,78p. _c30cm. |
||
| 350 | _a91.65 | ||
| 490 | _aUniversity of Glamorgan CPD Study Pack | ||
| 650 | _aDEPRECIATED REPLACEMENT COST | ||
| 650 | _aDRC | ||
| 650 | _aLISTED BUILDINGS | ||
| 650 | _aPROTECTED BUILDINGS | ||
| 650 | _aPUBLIC SECTOR PROPERTY | ||
| 650 | _aPUBLIC SECTOR | ||
| 650 | _aSPECIALISED PROPERTIES | ||
| 650 |
_aValuation _96273 |
||
| 690 | _aRATING AND VALUATION | ||
| 700 | _aConnellan, Owen | ||
| 710 |
_aCentre of Research in the Built Environment _93568 |
||
| 710 |
_aUniversity of Glamorgan _93569 |
||
| 942 | _n0 | ||
| 948 | _c23/07/1997 | ||
| 999 |
_c96568 _d96568 |
||